Devine le son avec les paroles - Moha MMZ - Statistiques

Statistiques générales
  • Ce quiz a été pris 51 fois
  • Le résultat moyen est 6 sur 12
Statistiques - réponses
Hint Réponse % Correct
"Mode pièce, mode S, prix du litron, baisse Mode tess, mode caisse, pas rodave dans l'tieks (pas rodave)" mode
88%
"La chaise au fond du hall, j'm'imaginais la plage J'imaginais son ciel, les étoiles qui scintillent" lily rose
61%
"Eh la Mathusalem, j'la casse sur ta tête Poto c'est pas la mienne Vas-y viens, je t'emmène à travers mon pe-ra T'as fait ci, t'as fait ça J't'ai pas écouté, c'était qu'du cinéma Bye bye bye, j'suis avec PNL à Miami" genesis
55%
"Merci mon Dieu d'm'avoir guidé (quand j'm'égarais)
J'écris mes peines sur cartes postales, j'vais m'exiler Longue est la peine, avec le temps j'l'ai oublié"
mortier
55%
"Mauvais j'évite, le cœur est vide, pas d'sentiments (pas d'sentiments), aïe, aïe" habitué
48%
"Les étoiles m'ont submergé Le bruit des vagues m'a bercé" ivre
48%
"J'rattraperai mes dreams J'rattraperai mes crimes J'rattraperai les larmes sur l'visage d'ma mère" only you
48%
"J'ai cette envie de partir Loin d'ici, seul l'amour peut me retenir" 3 minutes
45%
"Plus rien à boire et plus rien à fumer J'sors des briquets pour tous les allumer" champ de mars
45%
"En vrai, j'suis partout, sur une plage Libre, j'appuie sur ton cœur vide" plage vendôme
45%
"Plus j'suis die, plus c'est dar, toute la fumée qui s'évade J'pense à arrêter tonight, faut qu'j'déplace mes pesetas" reset
42%
"Ma chérie, j'ai trop d'problèmes J'rêve de briser mes chaînes" pourri dans l'âme
33%
Aucun quiz correspondant
Distribution des résultats
% des personnes avec chaque résultat
Percentile par nombre de réponses
Votre historique - résultats
Vous n’avez pas pris ce quiz